000 01324nam a22003497a 4500
999 _c5866
_d5866
003 OSt
005 20251120140617.0
008 251120b ||||| |||| 00| 0 eng d
020 _a9781484714935
040 _cKH8
082 0 0 _a741.5 RIO
100 1 _aCollar, Orpheus
245 1 4 _aThe throne of fire
250 _aFirst graphic novel edition
264 1 _aLos Angeles
_aNew York
_bDisney-Hyperion
_c2015
300 _a1 volume (unpaged)
_bcolor illustrations
_c24 cm
500 _a"Adapted from the novel The Kane Chronicles, Book Two: The Throne of Fire."
520 _a"Carter and Sadie, offspring of the brilliant Egyptologist Dr. Julius Kane, embark on a worldwide search for the Book of Ra, but the House of Life and the gods of chaos are determined to stop them"--
_cProvided by publisher.
600 1 1 _aRiordan, Rick.
_tThrone of fire
_vAdaptations
650 1 _aGraphic novels
650 1 _aAdventure and adventurers
_vFiction
650 1 _aVoyages and travels
_vFiction
650 1 _aEgyptian mythology
_vFiction
650 1 _aMagic
_vFiction
650 1 _aSiblings
_vFiction
655 0 _aGraphic novels
700 1 _aFloyd, Cam
_eillustrator
700 1 _aCollar, Aladdin
_eillustrator
700 1 _aDickey, Chris
_eillustrator
700 1 _aRiordan, Rick
_tThrone of fire
942 _2ddc
_cGN